Драконья погибель. Драконья тень: фантастические романы
| Main Author: | |
|---|---|
| Summary: | В дальних, диких горах где-то на Севере, говорят, живет рыцарь, чье прозвание овеяно высокими легендами. Ибо прозвание это — Драконья Погибель. Ибо нет. говорят, дракона, коему удалось бы уйти от смертоносного меча сэра Джона Аверсина... по крайней мере так повествуют сказания. По крайней мере так поют в балладах. Сколько же правды в легенде о Драконьей Погибели и какова она, эта правда, знает, верно, только женщина, избравшая тяжкий жребий жены героя... Вы знаете, ЧТО ЭТО ЗА КНИГА? Конечно же, знаете! «Драконья Погибель» Барбары Хэмбли — фэнтези, известная в потрясающе красивом переводе Евгения Лукина каждому истинному поклоннику жанра «литературной легенды» в нашей стране. Перед вами — не только сама «Драконья Погибель», но и ее ПРОДОЛЖЕНИЕ — новые приключения ваших любимых героев, их друзей-гномов и их врагов-драконов... |
| Language: | Russian |
| Published: |
Москва, АСТ, 2002
|
| Series: | Золотая серия фэнтези |
| Subjects: | |
| Format: | Book |
| KOHA link: | https://koha.lib.tpu.ru/cgi-bin/koha/opac-detail.pl?biblionumber=105521 |
MARC
| LEADER | 00000nam0a2200000 4500 | ||
|---|---|---|---|
| 001 | 105521 | ||
| 005 | 20231031114430.0 | ||
| 010 | |a 5170118864 | ||
| 010 | |a 5-7921-0495-6 | ||
| 035 | |a (RuTPU)RU\TPU\book\113867 | ||
| 090 | |a 105521 | ||
| 100 | |a 20061117d2002 m y0rusy50 ca | ||
| 101 | 0 | |a rus | |
| 102 | |a RU | ||
| 105 | |a y z 000ay | ||
| 200 | 1 | |a Драконья погибель. Драконья тень |e фантастические романы |f Б. Хэмбли | |
| 210 | |a Москва |c АСТ |a СПб. |c Terra Fantastica |d 2002 | ||
| 215 | |a 604 с. | ||
| 225 | 1 | |a Золотая серия фэнтези | |
| 330 | |a В дальних, диких горах где-то на Севере, говорят, живет рыцарь, чье прозвание овеяно высокими легендами. Ибо прозвание это — Драконья Погибель. Ибо нет. говорят, дракона, коему удалось бы уйти от смертоносного меча сэра Джона Аверсина... по крайней мере так повествуют сказания. По крайней мере так поют в балладах. Сколько же правды в легенде о Драконьей Погибели и какова она, эта правда, знает, верно, только женщина, избравшая тяжкий жребий жены героя... Вы знаете, ЧТО ЭТО ЗА КНИГА? Конечно же, знаете! «Драконья Погибель» Барбары Хэмбли — фэнтези, известная в потрясающе красивом переводе Евгения Лукина каждому истинному поклоннику жанра «литературной легенды» в нашей стране. Перед вами — не только сама «Драконья Погибель», но и ее ПРОДОЛЖЕНИЕ — новые приключения ваших любимых героев, их друзей-гномов и их врагов-драконов... | ||
| 610 | 1 | |a американская литература | |
| 610 | 1 | |a романы | |
| 610 | 1 | |a фантастика | |
| 610 | 1 | |a фэнтези | |
| 675 | |a 82 |v 3 | ||
| 700 | 1 | |a Хэмбли |b Б. |g Барбара | |
| 801 | 1 | |a RU |b 63413507 |c 20061117 |g PSBO | |
| 801 | 2 | |a RU |b 63413507 |c 20061205 |g PSBO | |
| 942 | |c BK | ||